000 00218nam a22000977a 4500
999 _c16159
_d16159
003 OSt
008 200611b ||||| |||| 00| 0 eng d
100 _aBoulten J.T
_94583
245 _aDryden of dramatic poesy
942 _cBK